Philosophie - L'art - Statistiques

Statistiques générales
  • Ce quiz a été pris 112 fois
  • Le résultat moyen est 3 sur 15
Statistiques - réponses
Hint Réponse % Correct
.... qui signifie technique / art
87%
... qui signifie habileté / art / savoir-faire
81%
le mort "art" vient du latin ars
42%
mais il vient aussi du grec techné
42%
une œuvre d'art à une fonction esthétique
22%
Aristote la vision du mimésis
9%
un objet technique à une fonction utilitaire
7%
le génie selon Platon c'est un don
3%
Platon défend la vision de l'art négatif
1%
Hegel dit qu'il est mieux de créer des choses originales
0%
Bergson dit que l'objectif d'un artiste est de décrypter la réalité
0%
le génie selon Kant c'est ce qui donne les règles à l'art
0%
le génie selon Nietzsche c'est le fruit d'un long travail
0%
caractéristique d'objet technique : nombreux exemplaires et limités / fabrication qui suit une méthode
0%
caractéristique d'œuvre d'art : unique et illimité dans la durée / création qui met en œuvre un style
0%
Aucun quiz correspondant
Distribution des résultats
% des personnes avec chaque résultat
Percentile par nombre de réponses
Votre historique - résultats
Vous n’avez pas pris ce quiz